Southville International School and Colleges
Your cart is empty.
  • Cart
  • Lists
    Public lists Eva Luna New books Lux_list list_1
    Your lists Log in to create your own lists
  • Log in to your account
  • Your cookies
  • Search history
Southville International School and Colleges
  • Advanced search
  • Recent comments
  • Most popular
  • Libraries

Log in to your account

Log in with GOOGLE


If you do not have an external account, but do have a local account, you can still log in:

  1. Home
  2. MARC view: Anatomy & physiology :
Normal view MARC view ISBD view

Anatomy & physiology : (Record no. 356338)

[ view plain ]
MARC details
000 -LEADER
fixed length control field 00397nam a2200157Ia 4500
003 - CONTROL NUMBER IDENTIFIER
control field 0
005 - DATE AND TIME OF LATEST TRANSACTION
control field 20260121161944.0
008 - FIXED-LENGTH DATA ELEMENTS--GENERAL INFORMATION
fixed length control field 180315s9999 xx 000 0 und d
020 ## - INTERNATIONAL STANDARD BOOK NUMBER
International Standard Book Number 9780071282765
100 ## - MAIN ENTRY--PERSONAL NAME
Personal name Wise, Eric
245 ## - TITLE STATEMENT
Statement of responsibility, etc Eric Wise
Title Anatomy & physiology :
Remainder of title laboratory manual /
250 ## - EDITION STATEMENT
Edition statement 8th ed.
260 ## - PUBLICATION, DISTRIBUTION, ETC. (IMPRINT)
Place of publication, distribution, etc NY :
Name of publisher, distributor, etc McGrawHill
Date of publication, distribution, etc 2009
300 ## - PHYSICAL DESCRIPTION
Extent x, 550 pages
942 ## - ADDED ENTRY ELEMENTS (KOHA)
Source of classification or shelving scheme Library of Congress Classification
Koha item type Books
Holdings
Withdrawn status Lost status Damaged status Home library Current library Shelving location Date acquired Source of acquisition Total Checkouts Full call number Barcode Date last seen Date checked out Price effective from Koha item type
      College Library College Library General Circulation Section 03/15/2018   2 QP 34.5 .W812 2009 C21441 01/30/2025 09/11/2023 03/15/2018 Books

Anatomy & physiology :

APA

Wise E., . (2009). Anatomy & physiology. NY: McGrawHill.

Chicago

Wise Eric, . 2009. Anatomy & physiology. NY: McGrawHill.

Harvard

Wise E., . (2009). Anatomy & physiology. NY: McGrawHill.

MLA

Wise Eric, . Anatomy & physiology. NY: McGrawHill. 2009.

  • Place hold
  • Print
  • Cite
  • Add to your cart (remove)
  • Save record
    BIBTEX Dublin Core MARCXML MARC (non-Unicode/MARC-8) MARC (Unicode/UTF-8) MARC (Unicode/UTF-8, Standard) MODS (XML) RIS
  • More searches
    Search for this title in:
    Other Libraries (WorldCat) Other Databases (Google Scholar) Online Stores (Bookfinder.com) Open Library (openlibrary.org)

Exporting to Dublin Core...

SOUTHVILLE LIBRARY

Southville International School and Colleges Library

1281 Tropical Ave. Cor. Luxembourg St., BF Homes International, Las Pinas City

Tel. No. 8256374 / 252358 Loc. 117/146

Powered by Koha